Britain's biggest housebuilders (Record no. 110164)

MARC details
000 -LEADER
fixed length control field 00909cab a22001815a 4500
001 - CONTROL NUMBER
control field L148691
008 - FIXED-LENGTH DATA ELEMENTS--GENERAL INFORMATION
fixed length control field 091020s2009 d f s 000 0 eng u
035 ## - SYSTEM CONTROL NUMBER
System control number (Sirsi) u148691
041 0# - LANGUAGE CODE
Language code of text/sound track or separate title eng
245 00 - TITLE STATEMENT
Title Britain's biggest housebuilders
Remainder of title a year of two of living
260 ## - PUBLICATION, DISTRIBUTION, ETC.
Date of publication, distribution, etc. 2009
490 #0 - SERIES STATEMENT
Series statement HouseBuilder
Volume/sequential designation 68(8) October 2009, 20-26(6)
520 ## - SUMMARY, ETC.
Summary, etc. Presents the 2009 25 biggest housebuilders' league table including their performance, turnover, landbank and average selling price data. Reports that the housebuilders were strongly hit by the recession and this is reflected in the figures of this survey. However suggests that stock of unsold homes have been cleared and confidence is boosted by the increase in visitor activity and more stable prices.
590 ## - LOCAL NOTE (RLIN)
Local note KA
651 #4 - SUBJECT ADDED ENTRY--GEOGRAPHIC NAME
Geographic name Great Britain
Chronological subdivision 1707-
690 ## - LOCAL SUBJECT ADDED ENTRY--TOPICAL TERM (OCLC, RLIN)
Topical term or geographic name as entry element PROPERTY-RESIDENTIAL PROPERTY-RESIDENTIAL PROPERTY DEVELOPMENT
942 ## - ADDED ENTRY ELEMENTS (KOHA)
Suppress in OPAC 0
Holdings
Withdrawn status Lost status Source of classification or shelving scheme Damaged status Not for loan Home library Current library Shelving location Date acquired Total Checkouts Full call number Barcode Date last seen Copy number Price effective from Koha item type
    Dewey Decimal Classification     London London Journal article 20/10/2009   L148691 148691-1001 06/08/2019 1 06/08/2019 Journal article